Estsbishment of agroforestry system in the low land areas in cambodia, ការបង្កើតប្រព័ន្ធកសិរុក្ខកម្មគំរូនៅតំបន់ទំនាបកណ្តាលកម្ពុជា (Record no. 1361)

000 -LEADER
fixed length control field 00610nam a22001577a 4500
003 - CONTROL NUMBER IDENTIFIER
control field OSt
005 - DATE AND TIME OF LATEST TRANSACTION
control field 20150927161854.0
008 - FIXED-LENGTH DATA ELEMENTS--GENERAL INFORMATION
fixed length control field 150927b xxu||||| |||| 00| 0 eng d
040 ## - CATALOGING SOURCE
Transcribing agency RUA
082 ## - DEWEY DECIMAL CLASSIFICATION NUMBER
Classification number AGR THE 2011 B050 Or.1
100 ## - MAIN ENTRY--PERSONAL NAME
9 (RLIN) 1449
Personal name TECH, THAIHUON
245 ## - TITLE STATEMENT
Title Estsbishment of agroforestry system in the low land areas in cambodia, ការបង្កើតប្រព័ន្ធកសិរុក្ខកម្មគំរូនៅតំបន់ទំនាបកណ្តាលកម្ពុជា
260 ## - PUBLICATION, DISTRIBUTION, ETC. (IMPRINT)
Place of publication, distribution, etc. Phnom Penh
Name of publisher, distributor, etc. RUA
Date of publication, distribution, etc. 2011
300 ## - PHYSICAL DESCRIPTION
Extent xi, 39p.
Other physical details ill.
Dimensions 29cm.
942 ## - ADDED ENTRY ELEMENTS (KOHA)
Source of classification or shelving scheme
Koha item type AGR
Holdings
Price effective from Date last seen Permanent Location Not for loan Date acquired Source of classification or shelving scheme Koha item type Lost status Withdrawn status Date last checked out Total Checkouts Shelving location Damaged status Barcode Current Location Full call number
2015-09-272022-11-25Library Block B 2015-09-27 AGR  2022-11-021B050 RUA006624Library Block BAGR THE 2011 B050 Or.1
2015-09-272015-09-27Library Block B 2015-09-27 AGR    B050 RUA006628Library Block BAGR THE 2011 B050 Or.2
មជ្ឈមណ្ឌលឯការនៃសាកលវិទ្យាល័យភូមិន្ទកសិកម្មចំការដូង

Powered by Koha